| 000 | 00916nam a22003017a 4500 | ||
|---|---|---|---|
| 003 | CHAP | ||
| 005 | 20220329135438.0 | ||
| 008 | 971013s r 00010 d | ||
| 010 | _a36599 | ||
| 011 | _a37571 | ||
| 035 | _a41691 | ||
| 040 | _cCHAP | ||
| 090 | _aFolleto 1908 | ||
| 110 |
_aMéxico. Dirección General de Avicultura y Otras Especies Menores _976961 |
||
| 245 | _aAnatomía y fisiología de la gallina | ||
| 260 |
_aMéxico, D.F. : _bLa Dirección, _c(s.a.) |
||
| 300 |
_a14 h. _b; láms |
||
| 490 | _aDD-20 | ||
| 590 |
_aBATCH-UPD _b10 _c20130110 _lUCH01 _h1707 |
||
| 590 |
_aBATCH-UPD _b10 _c20130410 _lUCH01 _h1053 |
||
| 590 |
_aBATCH-UPD _b10 _c20130914 _lUCH01 _h0444 |
||
| 590 |
_aCONVERSION _b10 _c20130109 _lUCH01 _h1320 |
||
| 650 | 1 | 4 |
_aAves de corral _xAnatomía. _98639 |
| 830 | 0 |
_aDD-20 _931372 |
|
| 901 | _aBK | ||
| 942 | _cFOLL | ||
| 949 |
_aFolleto 1908 _bBC _cFOLL _d-95855 _eTS1 _i41691 _si |
||
| 999 |
_c36599 _d36599 |
||